=LDR 00000nam 2200000 4500 =001 NUTBA000000000005686 =005 20141105141542.0 =006 =007 =008 =020 ##$$a 978.979.3756.40-5 =035 ##$$a 0010-111400000000165 =040 ##$$a NBPDMAT =082 ##$$a 342.07 =090 ##$$a 342.07 Sup p =100 ##$$a Supriyatno =245 ##$$a Peraturan pemilihan kepala daerah PILKADA$cSupriyanto =250 ##$$a Cet. 1 =260 ##$$a Jakarta$bPustaka Mina$c2008 =300 ##$$a 347 hlm$c21 cm =650 ##$$a Pemilihan Kepala Daerah =850 ##$$a NBPDMAT